000 00262nam a2200109Ia 4500
005 20251222154423.0
008 251222s9999||||xx |||||||||||||| ||spa||
020 _a84-7861-022-7
082 _a100/U61N/Ej.2
245 0 _aNuevos textos cou filosofĂ­a
942 _cLIB
999 _c36130
_d36130